1556 1736 1448 1021 1462 1345 1469 1044 1743 1438 1788 1187 1937 1932 1725 1469 1234 1136 1000 1295 1231 1290 1698 1662 1967 1602 1764 1095 1864 1369 1131 1869 1041 1047 1162 1505 1983 1093 1130 1119 1855 1853 1510 1319 1975 1962 1526 1471 1836 1611 1861 1391 1912 1522 1240 1140 1363 1715 1940 1246 1723 1019 1038 1818 1008 1873 1544 1712 1749 1499 1877 1085 1632 1113 1835 1485 1567 1807 1996 1480 1052 1874 1616 1052 1820 1354 1190 1937 1240 1393 1409 1633 1382 1582 1062 1382 1414 1711 1842 BCNSPRNW ULIB Ver.6.0+V

เปลี่ยนเป็นภาษาไทย

Change to English
 แสดงรายละเอียดบรรณานุกรม
  กลับหน้าหลัก

Brief Record : Get Marc (ISO 2709) : E-mail record : QR code < ปิดหน้าต่าง
LEADER : 00000nam 2200000uu 4500
001    13399112886
003     ULIB
008    110915s2547||||th 000 0 tha d
050  4 TX801^bจ379ม 2547
100 0  เฉลิม ศรีภิรมณ์
245 00 มังสวิรัติอาหารเพื่อสุขภาพ /^cเฉลิม ศรภิรมณ์
260    กรุงเทพฯ :^bแม่บ้าน,^c2547
300    184 หน้า ;^bภาพประกอบ ^c19 ซม.
650  4 มังสวิรัติ
650  4 อาหารมังสวิรัติ
650  4 โภชนาการ
700 0  จำลองลักษณ์
945    ^p0^l0^i017225
995    เกษร
999    ^aใช้งานได้ทุกระบบ
รายการนี้ยังไม่มีแท็ก
คุณยังไม่ได้ล็อกอิน คุณสามารถมีกิจกรรมร่วมกับเว็บไซต์ได้ แต่ต้องล็อกอินก่อน ::
  ล็อกอิน

รายการสื่อสารสนเทศ

ลำดับที่ ประเภท เลขเรียก/บาร์โค้ด สถานที่ สถานะ
- ไม่พบข้อมูล -

รายการใกล้เคียง
    หัวเรื่อง [มังสวิรัติ]
    หัวเรื่อง [อาหารมังสวิรัติ]
    หัวเรื่อง [โภชนาการ]

BibComment


ยังไม่เคยถูกคอมเมนท์

คอมเมนท์ทรัพยากรรายการนี้
  คอมเมนท์: มังสวิรัติอาหารเพ..


 Copyright 2026. Bcnsprnw @Library